| 000 | 01160cam a22002771 4500 | ||
|---|---|---|---|
| 001 | 000019160 | ||
| 005 | 20200929165933.0 | ||
| 008 | 761022s1946 sp a 000 0 spa | ||
| 040 |
_aDO-SdBNP _cViU _dDLC _dBNPHU |
||
| 082 |
_a923.1 _bC317c |
||
| 100 | 1 |
_aCarrillo de Huete, Pedro, _dsiglo 15 _941240 |
|
| 245 | 1 | 0 |
_aCronica del halconero de Juan II / _cPedro Carrillo de Huete (hasta ahora inedita) ; edicion y estudio por Juan de Mata Carriazo. |
| 260 |
_aMadrid : _bEspasa-Calpe, _c1946. |
||
| 300 |
_axv, 563 p. : _bil. ; _c26 cm. |
||
| 490 | 1 |
_aColeccion de crónicas espanolas ; _v8 |
|
| 500 | _aEn la portada: hasta ahora inédita. | ||
| 500 | _aIncluye índice de capítulos. | ||
| 504 | _aIncluye referencias bibliográficas y notas al pie de las páginas. | ||
| 600 | 0 | 4 |
_aJUAN _bII, _cREY DE CASTILLA Y LEÓN _d1405-1454. _xCRÓNICA _941241 |
| 651 | 4 |
_aCastilla (España{Rpara} _xHistoria _yJUAN II, 1406-1454. _941242 |
|
| 700 | 1 |
_aPerez de Guzman, Fernan, _d1376?-1460? _93259 |
|
| 700 | 1 |
_aCarriazo, Juan de Mata, _eed. _941243 |
|
| 830 | 0 |
_aColeccion de crónicas espanolas ; _n8 _941244 |
|
| 910 | _aCatalogación derivada / LC | ||
| 049 | _aBNGR | ||
| 999 |
_c18678 _d18678 |
||